<?xml version="1.0" encoding="UTF-8"?>
<marc:record xmlns:marc="http://www.loc.gov/MARC21/slim">
   <marc:leader>00000nam a2200000 a 4500</marc:leader>
   <marc:datafield ind1="0" ind2="0" tag="245">
      <marc:subfield code="a">Lustiges Taschenbuch Nr. 592 : Retter der Galaxie</marc:subfield>
   </marc:datafield>
   <marc:datafield ind1=" " ind2="1" tag="264">
      <marc:subfield code="a">Berlin</marc:subfield>
      <marc:subfield code="b">Egmont Ehapa</marc:subfield>
   </marc:datafield>
   <marc:datafield ind1="1" ind2=" " tag="490">
      <marc:subfield code="a">LTB</marc:subfield>
      <marc:subfield code="v">592</marc:subfield>
   </marc:datafield>
   <marc:datafield ind1="1" ind2=" " tag="520">
      <marc:subfield code="a">Phantomias und Phantomime haben alle Hände voll zu tun, um Entenhausen von riesigen Robots zu befreien. Doch die Wurzel allen Übels liegt in den Weiten des Alls. Während die einen Superhelden auf der Erde klar Schiff machen, kümmern sich die Superneffen um die intergalaktische Bedrohung. Hier stellen sich die drei noch mal vor:&#xD;
&#xD;
Tick ist Herkulon Bei ihm verliert jeder beim Armdrücken. Er ist megastark und hart im Nehmen.&#xD;
Trick ist Sauser Schnell wie ein Düsenjet, oder sogar wie der Blitz? Das ist mit dem Auge kaum zu erkennen.&#xD;
Track ist der Denker Er kann Objekte aus weiter Entfernung durch bloße Gedankenkraft bewegen.</marc:subfield>
   </marc:datafield>
   <marc:datafield ind1="3" ind2=" " tag="024">
      <marc:subfield code="a">4193378007996</marc:subfield>
   </marc:datafield>
   <marc:datafield ind1=" " ind2=" " tag="041">
      <marc:subfield code="a">ger</marc:subfield>
   </marc:datafield>
   <marc:datafield ind1=" " ind2=" " tag="300">
      <marc:subfield code="b">Illustrationen</marc:subfield>
   </marc:datafield>
   <marc:datafield ind1="0" ind2=" " tag="490">
      <marc:subfield code="v">592</marc:subfield>
   </marc:datafield>
   <marc:datafield ind1="1" ind2=" " tag="521">
      <marc:subfield code="a">Kind</marc:subfield>
   </marc:datafield>
   <marc:datafield ind1=" " ind2=" " tag="338">
      <marc:subfield code="a">Band</marc:subfield>
   </marc:datafield>
   <marc:datafield ind1=" " ind2=" " tag="300">
      <marc:subfield code="a">254 Seiten</marc:subfield>
   </marc:datafield>
</marc:record>
